000 02118nam a2200313 i 4500
003 EG-GICUC
005 20260509203117.0
008 260509s1900 ua |||fr|||| 00| 0 ara d
040 _a EG-GICUC
_bara
_c EG-GICUC
_d EG-GICUC
_erda
041 0 _aAra
082 0 4 _221
_a343.124
_bإ ب . د
092 0 4 _221
099 _aLaw1 10 343.124 إ ب . د 1900
100 0 _aإبراهيم عبدالخالق
_eمؤلف.
245 1 2 _aالدفوع الجنائية فى قانون العقوبات وفقاً لأحدث التعديلات حتى القانون 5 لسنة 2018 :
_bشرح عملي لكافة الدفوع القانونية المهمة والعملية الواردة في قانون العقوبات فى ضوء أحدث التعديلات وفى ضوء آراء الفقه والمستحدث من القضاء حتى ۲۰۱۷.
_nالجزء الأول،
_pسريان القانون * القانون الأصلح : الإعدام : موجبات الرأفة . حسن النية الارتباط : العقوبة * عدم توافر صفة الفاعل * انتفاء قصد الاشتراك . الشيوع . تلفيق ونفى التهمة : الجهل بالقانون * الإعفاء من العقاب . انتفاء رابطة السببية * استحالة الرؤية : عدم جواز الإثبات . الرشوة . الإختلاس و الإستيلاء * الغدر * التربح * الإضرار * التزييف * التزوير /
_cتأليف المستشار إبراهيم عبدالخالق.
264 1 _aالقاهرة :
_bالمكتب الفنى للإصدارات القانونية،
_c1900.
300 _a384 ؛صفحة
_c24 سم.
336 _2rda content
_atext
337 _2rda media
_aComputer
338 _2rda carrier
_aOnline Resource
500 _aإهداء من حسن على
546 _aالنص باللغة العربية
650 1 _aالدفاع الشرعى
_2qrmak
650 1 _aالقانون الجنائى
_2qrmak
651 1 _2qrmak
856 4 0 _uhttps://fll.law.cu.edu.eg/fulltext/bks/B10-12138.pdf
905 _a54
942 _2ddc
_cBK
_e21
_n0
999 _c76426
_d76426